00281nam a2200109Ia 4500008004100000082001000041100003700051245002100088260002000109630002100129730002100150100328s9999 xx 000 0 und d b34276 aकर्णिक हेमन. aसी वॉर bरावजी aसी वॉर aसी वॉर